000
00311nas a22001337a 4500
001
T027600012910-00
008
190830b xxu||||| |||| 00| 0 esp |
040
_a
FEVP
_c
FEVP
245
_a
Apropaca
260
_c
1993
300
_a
80p.
650
_a
Conservación de los Recursos Naturales--Venezuela
942
_c
REV
999
_c
18291
_d
18291